Es un camaleón! / (Record no. 18180)

MARC details
000 -LEADER
fixed length control field 01463cam a22004098i 4500
001 - CONTROL NUMBER
control field 19394968
003 - CONTROL NUMBER IDENTIFIER
control field DLC
005 - DATE AND TIME OF LATEST TRANSACTION
control field 20170710170651.0
008 - FIXED-LENGTH DATA ELEMENTS--GENERAL INFORMATION
fixed length control field 161205s2018 mnu j b 001 0 spa
010 ## - LIBRARY OF CONGRESS CONTROL NUMBER
LC control number 2016054203
020 ## - INTERNATIONAL STANDARD BOOK NUMBER
International Standard Book Number 9781512441277 (hard lb : alk. paper)
020 ## - INTERNATIONAL STANDARD BOOK NUMBER
International Standard Book Number 9781512454086 (pb : alk. paper)
040 ## - CATALOGING SOURCE
Original cataloging agency DLC
Language of cataloging eng
Description conventions rda
Transcribing agency DLC
041 1# - LANGUAGE CODE
Language code of text/sound track or separate title spa
Language code of original eng
042 ## - AUTHENTICATION CODE
Authentication code pcc
050 00 - LIBRARY OF CONGRESS CALL NUMBER
Classification number QL666.L23
Item number K4618 2018
082 00 - DEWEY DECIMAL CLASSIFICATION NUMBER
Classification number 597.95/6
Edition number 23
100 1# - MAIN ENTRY--PERSONAL NAME
Personal name Kenan, Tessa.
240 10 - UNIFORM TITLE
Uniform title <a href="It's a chameleon!">It's a chameleon!</a>
Language of a work Spanish
245 10 - TITLE STATEMENT
Title Es un camaleón! /
Statement of responsibility, etc. por Tessa Kenan.
260 ## - PUBLICATION, DISTRIBUTION, ETC. (IMPRINT)
Place of publication, distribution, etc. Minneapolis :
Name of publisher, distributor, etc. Ediciones Lerner,
Date of publication, distribution, etc. [2018]
264 #1 - PRODUCTION, PUBLICATION, DISTRIBUTION, MANUFACTURE, AND COPYRIGHT NOTICE
Place of production, publication, distribution, manufacture Minneapolis :
Name of producer, publisher, distributor, manufacturer Ediciones Lerner,
Date of production, publication, distribution, manufacture, or copyright notice [2018]
300 ## - PHYSICAL DESCRIPTION
Extent 24 pages :
Other physical details color illustrations
Dimensions 24 cm
336 ## - CONTENT TYPE
Content type term text
Content type code txt
Source rdacontent
337 ## - MEDIA TYPE
Media type term unmediated
Media type code n
Source rdamedia
338 ## - CARRIER TYPE
Carrier type term volume
Carrier type code nc
Source rdacarrier
490 0# - SERIES STATEMENT
Series statement Bumba books en español. Animales de la selva tropical
504 ## - BIBLIOGRAPHY, ETC. NOTE
Bibliography, etc Includes bibliographical references and index.
505 0# - FORMATTED CONTENTS NOTE
Formatted contents note Los camaleónes cambian de color -- Partes de un camaleón.
521 1# - TARGET AUDIENCE NOTE
Target audience note Age 4-7.
521 2# - TARGET AUDIENCE NOTE
Target audience note Grade K to grade 3.
650 #0 - SUBJECT ADDED ENTRY--TOPICAL TERM
Topical term or geographic name as entry element Chameleons
Form subdivision Juvenile literature.
650 #0 - SUBJECT ADDED ENTRY--TOPICAL TERM
Topical term or geographic name as entry element Rain forest animals
Form subdivision Juvenile literature.
776 08 - ADDITIONAL PHYSICAL FORM ENTRY
Relationship information Online version:
Main entry heading Kenan, Tessa.
Title ¡Es un camaleón!
Place, publisher, and date of publication Minneapolis : Ediciones Lerner, [2018]
International Standard Book Number 9781512449686
Record control number (DLC) 2016057308
942 ## - ADDED ENTRY ELEMENTS (KOHA)
Source of classification or shelving scheme Dewey Decimal Classification
Koha item type Libro/Book
Holdings
Withdrawn status Lost status Source of classification or shelving scheme Damaged status Not for loan Home library Current library Date acquired Total Checkouts Full call number Barcode Date last seen Date checked out Price effective from Koha item type
    Dewey Decimal Classification     Genizero -- Satellite San Juan Del Sur -- Biblioteca 10/07/2017 2 597.95/6 35601547 04/07/2024 05/01/2023 10/07/2017 Libro/Book

Powered by Koha